Top Ten newest countries admitted to the UN - Statistics

General Stats
  • This quiz has been taken 37 times
  • The average score is 7 of 10
Answer Stats
Date Joined Answer % Correct
2011 South Sudan
100%
2006 Montenegro
94%
2000 Serbia
88%
1993 North Macedonia
81%
1993 Czechia
63%
1993 Slovakia
63%
1993 Eritrea
47%
1992 Kazakhstan
47%
1992 Uzbekistan
41%
1994 Palau
31%
No matching quizzes found
Score Distribution
Percent of People with Each Score
Percentile by Number Answered
Your Score History
You have not taken this quiz